5-Letter Countries (Africa) Quiz Stats

 Plays Quiz Updated Mar 29, 2013

Also try: 4-Letter Countries
Challenge
Share
Tweet
Embed
Score 0/8 Timer 02:00
20 Plays Today
% Correct
Egypt
93.2%
Libya
84%
Niger
84%
Kenya
82.6%
Sudan
80.8%
Ghana
80.3%
Benin
73%
Gabon
69.3%

You're not logged in!

Compare scores with friends on all Sporcle quizzes.
Join for Free
OR
Log In

You Might Also Like...

Show Comments

Extras

Top Quizzes Today


Score Distribution

Your Account Isn't Verified!

In order to create a playlist on Sporcle, you need to verify the email address you used during registration. Go to your Sporcle Settings to finish the process.

Report this User

Report this user for behavior that violates our Community Guidelines.

Details: